[Event "DVM U14 2021"]
[Site "Willingen GER"]
[Date "2022.08.15"]
[Round "6"]
[White "Lipinsky, Pierre"]
[Black "Schaudienst, Arvid"]
[Result "1-0"]
[Termination "normal"]
[Board "6.3"]
[WhiteElo "1560"]
[BlackElo "1376"]
[WhiteClock "00:30:00"]
[BlackClock "00:23:16"]
[WhiteTeam "SK Tarrasch 1945 München"]
[BlackTeam "TSG Oberschöneweide"]
[PlyCount "63"]
[WhiteFideId "16206290"]
[BlackFideId "16266943"]
[EventCountry "GER"]
[EventRounds "7"]
[EventType "team-swiss"]
[EventDate "2022.08.12"]

1. d4 {[%clk 01:30:53]} Nf6 {[%clk 01:31:24]} 2. c4 {[%clk 01:31:19]} g6 {[%clk
01:31:50]} 3. Nc3 {[%clk 01:31:41]} Bg7 {[%clk 01:32:15]} 4. e4 {[%clk
01:32:07]} d6 {[%clk 01:32:40]} 5. Be2 {[%clk 01:32:31]} O-O {[%clk 01:33:07]}
6. Be3 {[%clk 01:32:52]} e5 {[%clk 01:33:33]} 7. d5 {[%clk 01:32:54]} a5 {[%clk
01:33:55]} 8. Qd2 {[%clk 01:32:45]} Na6 {[%clk 01:34:00]} 9. f3 {[%clk
01:29:47]} Ne8 {[%clk 01:34:00]} 10. g4 {[%clk 01:21:36]} c6 {[%clk 01:32:50]}
11. h4 {[%clk 01:02:57]} cxd5 {[%clk 01:31:28]} 12. Nxd5 {[%clk 00:57:30]} Nf6
{[%clk 01:30:01]} 13. Nb6 {[%clk 00:52:05]} Rb8 {[%clk 01:28:46]} 14. Qxa5
{[%clk 00:38:43]} Be6 {[%clk 01:28:31]} 15. Qd2 {[%clk 00:36:56]} Nc5 {[%clk
01:25:49]} 16. Nd5 {[%clk 00:31:37]} Ra8 {[%clk 01:05:44]} 17. Qc1 {[%clk
00:22:11]} Bxd5 {[%clk 01:03:28]} 18. cxd5 {[%clk 00:19:48]} Qa5+ {[%clk
01:00:24]} 19. Bd2 {[%clk 00:16:36]} Qa4 {[%clk 00:54:36]} 20. Qc3 {[%clk
00:11:04]} Rfc8 {[%clk 00:47:43]} 21. Bd1 {[%clk 00:08:45]} Qa6 {[%clk
00:46:00]} 22. Be2 {[%clk 00:05:01]} Qa4 {[%clk 00:39:44]} 23. Qb4 {[%clk
00:00:34]} Qc2 {[%clk 00:38:20]} 24. Rc1 {[%clk 00:00:43]} Nd3+ {[%clk
00:38:44]} 25. Bxd3 {[%clk 00:01:05]} Qxd3 {[%clk 00:31:42]} 26. a3 {[%clk
00:00:36]} Rxc1+ {[%clk 00:32:11]} 27. Bxc1 {[%clk 00:01:01]} Qb1 {[%clk
00:30:14]} 28. Qc4 {[%clk 00:01:23]} b5 {[%clk 00:28:55]} 29. Qc6 {[%clk
00:01:41]} Ra4 {[%clk 00:26:05]} 30. Ne2 {[%clk 00:01:33]} Rc4 {[%clk
00:26:02]} 31. Qa8+ {[%clk 00:01:53]} Bf8 {[%clk 00:23:16]} 32. Kf2 {[%clk
00:30:00]} 1-0

[Event "DVM U14 2021"]
[Site "Willingen GER"]
[Date "2022.08.15"]
[Round "6"]
[White "Aravindan, Midhulan"]
[Black "Schwartz, Oliver"]
[Result "1/2-1/2"]
[Termination "normal"]
[Board "7.1"]
[WhiteElo "1642"]
[BlackElo "1872"]
[WhiteClock "00:13:06"]
[BlackClock "00:04:21"]
[WhiteTeam "Schachgemeinschaft Porz"]
[BlackTeam "SC Ostfildern 1952"]
[PlyCount "55"]
[WhiteFideId "16237250"]
[BlackFideId "16207459"]
[EventCountry "GER"]
[EventRounds "7"]
[EventType "team-swiss"]
[EventDate "2022.08.12"]

1. e4 {[%clk 01:30:54]} {[%emt 00:00:06]} c5 {[%clk 01:31:16]} 2. b3 {[%clk
01:25:01]} d6 {[%clk 01:31:33]} 3. Bb2 {[%clk 01:23:53]} Nc6 {[%clk 01:24:51]}
4. Nc3 {[%clk 01:20:38]} Nf6 {[%clk 01:21:13]} 5. Nf3 {[%clk 01:18:03]} g6
{[%clk 01:18:09]} 6. Nd5 {[%clk 01:18:10]} Bg7 {[%clk 01:14:22]} 7. Bc4 {[%clk
01:09:27]} O-O {[%clk 01:08:19]} 8. Nxf6+ {[%clk 01:09:36]} exf6 {[%clk
01:05:01]} 9. O-O {[%clk 01:00:59]} Re8 {[%clk 00:58:46]} 10. Re1 {[%clk
00:58:54]} f5 {[%clk 00:58:22]} 11. Bxg7 {[%clk 00:59:18]} Kxg7 {[%clk
00:55:16]} 12. d3 {[%clk 00:48:42]} Ne5 {[%clk 00:53:54]} 13. Nxe5 {[%clk
00:47:28]} dxe5 {[%clk 00:49:45]} 14. Qf3 {[%clk 00:43:23]} Qc7 {[%clk
00:43:34]} 15. exf5 {[%clk 00:41:39]} Bxf5 {[%clk 00:41:46]} 16. g4 {[%clk
00:41:21]} Be6 {[%clk 00:37:24]} 17. g5 {[%clk 00:34:16]} Bxc4 {[%clk
00:37:06]} 18. bxc4 {[%clk 00:32:28]} Rad8 {[%clk 00:35:01]} 19. Re4 {[%clk
00:22:40]} Rd4 {[%clk 00:28:01]} 20. Rae1 {[%clk 00:19:05]} Rxe4 {[%clk
00:25:13]} 21. Rxe4 {[%clk 00:18:31]} Qe7 {[%clk 00:21:55]} 22. Qe3 {[%clk
00:16:47]} b6 {[%clk 00:20:48]} 23. f4 {[%clk 00:13:12]} Qd7 {[%clk 00:16:31]}
24. fxe5 {[%clk 00:13:01]} Qa4 {[%clk 00:15:19]} 25. Qf2 {[%clk 00:12:46]} Qxa2
{[%clk 00:14:33]} 26. Qf6+ {[%clk 00:13:04]} Kg8 {[%clk 00:13:41]} 27. Rf4
{[%clk 00:13:06]} Qa1+ {[%clk 00:04:21]} 28. Kf2 {[%emt 03:11:34]} 1/2-1/2

[Event "DVM U14 2021"]
[Site "Willingen GER"]
[Date "2022.08.15"]
[Round "6"]
[White "Trenz, Finn"]
[Black "Ehrig, Leon Chris"]
[Result "0-1"]
[Termination "normal"]
[Board "9.1"]
[WhiteElo "1667"]
[BlackElo "1832"]
[WhiteClock "00:27:24"]
[BlackClock "00:05:12"]
[WhiteTeam "SV Multatuli Ingelheim"]
[BlackTeam "USG Chemnitz"]
[PlyCount "62"]
[WhiteFideId "16279379"]
[BlackFideId "16244796"]
[EventCountry "GER"]
[EventRounds "7"]
[EventType "team-swiss"]
[EventDate "2022.08.12"]

1. e4 {[%clk 01:30:58]} {[%emt 00:00:03]} Nf6 {[%clk 01:30:05]} 2. Nc3 {[%clk
01:31:21]} d5 {[%clk 01:29:27]} 3. exd5 {[%clk 01:31:44]} Nxd5 {[%clk
01:27:44]} 4. Nxd5 {[%clk 01:32:09]} Qxd5 {[%clk 01:26:11]} 5. d4 {[%clk
01:30:22]} Nc6 {[%clk 01:23:52]} 6. c3 {[%clk 01:28:16]} e5 {[%clk 01:18:22]}
7. dxe5 {[%clk 01:28:26]} Qxd1+ {[%clk 01:18:47]} 8. Kxd1 {[%clk 01:28:44]}
Nxe5 {[%clk 01:12:41]} 9. Bb5+ {[%clk 01:28:24]} c6 {[%clk 01:12:27]} 10. Ba4
{[%clk 01:27:13]} Bc5 {[%clk 01:08:55]} 11. Ke2 {[%clk 01:22:12]} Bf5 {[%clk
01:06:51]} 12. Be3 {[%clk 01:21:50]} Bxe3 {[%clk 01:07:11]} 13. fxe3 {[%clk
01:21:49]} O-O-O {[%clk 01:06:55]} 14. Nf3 {[%clk 01:20:31]} Bd3+ {[%clk
00:56:08]} 15. Ke1 {[%clk 01:02:25]} Rhe8 {[%clk 00:55:11]} 16. Nxe5 {[%clk
01:02:42]} Rxe5 {[%clk 00:53:21]} 17. Kf2 {[%clk 01:02:08]} Rf5+ {[%clk
00:36:52]} 18. Kg3 {[%clk 01:01:32]} Rd6 {[%clk 00:30:02]} 19. Bd1 {[%clk
00:58:06]} Rg6+ {[%clk 00:26:27]} 20. Kh4 {[%clk 00:33:44]} Rf2 {[%clk
00:18:03]} 21. g4 {[%clk 00:33:11]} Be4 {[%clk 00:14:11]} 22. Kg3 {[%clk
00:32:08]} Rxb2 {[%clk 00:11:10]} 23. Rg1 {[%clk 00:29:29]} Rf6 {[%clk
00:10:04]} 24. h3 {[%clk 00:28:55]} g5 {[%clk 00:09:18]} 25. h4 {[%clk
00:28:44]} h6 {[%clk 00:08:40]} 26. h5 {[%clk 00:28:30]} Rff2 {[%clk 00:08:43]}
27. a4 {[%clk 00:28:35]} a5 {[%clk 00:07:42]} 28. Ra3 {[%clk 00:26:35]} Kc7
{[%clk 00:05:48]} 29. Rb3 {[%clk 00:26:34]} Rg2+ {[%clk 00:06:11]} {[%emt
02:57:41]} 30. Rxg2 {[%clk 00:27:00]} Rxg2+ {[%clk 00:06:36]} 31. Kh3 {[%clk
00:27:24]} Rd2 {[%clk 00:05:12]} 0-1

[Event "DVM U14 2021"]
[Site "Willingen GER"]
[Date "2022.08.15"]
[Round "6"]
[White "Mehner, Lorenz"]
[Black "Strauß, Florian"]
[Result "0-1"]
[Termination "normal"]
[Board "9.2"]
[WhiteElo "1602"]
[BlackElo "1527"]
[WhiteClock "00:28:46"]
[BlackClock "00:27:02"]
[WhiteTeam "USG Chemnitz"]
[BlackTeam "SV Multatuli Ingelheim"]
[PlyCount "54"]
[WhiteFideId "16293096"]
[BlackFideId "16298047"]
[EventCountry "GER"]
[EventRounds "7"]
[EventType "team-swiss"]
[EventDate "2022.08.12"]

1. d4 {[%clk 01:30:57]} {[%emt 00:00:03]} Nf6 {[%clk 01:30:58]} {[%emt
00:00:02]} 2. c4 {[%clk 01:29:04]} {[%emt 00:02:23]} e6 {[%clk 01:29:52]}
{[%emt 00:01:36]} 3. Nc3 {[%clk 01:29:19]} {[%emt 00:00:15]} Bb4 {[%clk
01:30:16]} {[%emt 00:00:06]} 4. e3 {[%clk 01:28:57]} {[%emt 00:00:52]} c5
{[%clk 01:29:35]} {[%emt 00:01:10]} 5. Nge2 {[%clk 01:27:28]} {[%emt 00:02:00]}
b6 {[%clk 01:29:24]} {[%emt 00:00:41]} 6. Bd2 {[%clk 01:26:21]} {[%emt
00:01:37]} Bb7 {[%clk 01:28:18]} {[%emt 00:01:36]} 7. Nb5 {[%clk 01:19:31]}
{[%emt 00:07:20]} Bxd2+ {[%clk 01:27:52]} {[%emt 00:00:55]} 8. Qxd2 {[%clk
01:19:35]} {[%emt 00:00:26]} d5 {[%clk 01:26:34]} {[%emt 00:01:48]} 9. dxc5
{[%clk 01:18:23]} {[%emt 00:01:42]} bxc5 {[%clk 01:24:41]} {[%emt 00:02:23]}
10. cxd5 {[%clk 01:16:30]} {[%emt 00:02:23]} exd5 {[%clk 01:23:27]} {[%emt
00:01:44]} 11. b4 {[%clk 01:13:55]} {[%emt 00:03:06]} a6 {[%clk 01:20:58]}
{[%emt 00:02:59]} 12. Na3 {[%clk 01:13:12]} {[%emt 00:01:12]} c4 {[%clk
01:17:45]} {[%emt 00:03:44]} 13. Nd4 {[%clk 01:08:32]} {[%emt 00:05:10]} Ne4
{[%clk 01:13:51]} {[%emt 00:04:22]} 14. Qb2 {[%clk 01:07:09]} {[%emt 00:01:54]}
c3 {[%clk 01:10:24]} {[%emt 00:03:57]} 15. Qb3 {[%clk 01:04:50]} {[%emt
00:02:49]} Qf6 {[%clk 01:07:06]} {[%emt 00:03:49]} 16. Qc2 {[%clk 01:02:36]}
{[%emt 00:02:45]} Nc6 {[%clk 01:03:59]} {[%emt 00:03:36]} 17. Nxc6 {[%clk
01:01:58]} {[%emt 00:01:07]} Bxc6 {[%clk 01:03:54]} {[%emt 00:00:35]} 18. Bd3
{[%clk 01:00:58]} {[%emt 00:01:30]} O-O {[%clk 01:01:11]} {[%emt 00:03:13]} 19.
O-O {[%clk 00:56:51]} {[%emt 00:04:37]} g6 {[%clk 00:56:44]} {[%emt 00:04:57]}
20. Nb1 {[%clk 00:53:46]} {[%emt 00:03:36]} Ng5 {[%clk 00:40:07]} {[%emt
00:17:06]} 21. Qxc3 {[%clk 00:51:06]} {[%emt 00:03:10]} Nf3+ {[%clk 00:38:12]}
{[%emt 00:02:24]} 22. Kh1 {[%clk 00:45:37]} {[%emt 00:05:59]} d4 {[%clk
00:35:10]} {[%emt 00:03:32]} 23. exd4 {[%clk 00:37:09]} {[%emt 00:08:58]} Qd6
{[%clk 00:28:34]} {[%emt 00:07:06]} 24. gxf3 {[%clk 00:33:15]} {[%emt
00:04:24]} Bxf3+ {[%clk 00:27:35]} {[%emt 00:01:29]} 25. Kg1 {[%clk 00:33:26]}
{[%emt 00:00:19]} Qf4 {[%clk 00:27:25]} {[%emt 00:00:41]} 26. Rd1 {[%clk
00:28:33]} {[%emt 00:05:23]} Qg4+ {[%clk 00:27:02]} {[%emt 00:00:52]} 27. Kf1
{[%clk 00:28:46]} {[%emt 00:00:17]} Rae8 {[%emt 00:03:12]} 0-1

[Event "DVM U14 2021"]
[Site "Willingen GER"]
[Date "2022.08.15"]
[Round "6"]
[White "Dickel, Karl-Joachim"]
[Black "Stiehl, Richard"]
[Result "1/2-1/2"]
[Termination "normal"]
[Board "9.4"]
[WhiteElo "1178"]
[BlackElo "1272"]
[WhiteClock "01:28:14"]
[BlackClock "00:59:51"]
[WhiteTeam "USG Chemnitz"]
[BlackTeam "SV Multatuli Ingelheim"]
[PlyCount "54"]
[WhiteFideId "34630120"]
[BlackFideId "16298063"]
[EventCountry "GER"]
[EventRounds "7"]
[EventType "team-swiss"]
[EventDate "2022.08.12"]

1. e4 {[%clk 01:30:59]} e5 {[%clk 01:30:55]} {[%emt 00:00:05]} 2. Nf3 {[%clk
01:31:24]} {[%emt 00:00:05]} Nc6 {[%clk 01:31:22]} {[%emt 00:00:03]} 3. Bc4
{[%clk 01:31:47]} {[%emt 00:00:06]} Bc5 {[%clk 01:31:22]} {[%emt 00:00:30]} 4.
Nc3 {[%clk 01:32:07]} {[%emt 00:00:10]} d6 {[%clk 01:31:27]} {[%emt 00:00:26]}
5. h3 {[%clk 01:32:15]} {[%emt 00:00:23]} Nf6 {[%clk 01:31:39]} {[%emt
00:00:17]} 6. d3 {[%clk 01:32:22]} {[%emt 00:00:24]} h6 {[%clk 01:32:00]}
{[%emt 00:00:08]} 7. O-O {[%clk 01:32:32]} {[%emt 00:00:20]} O-O {[%clk
01:30:56]} {[%emt 00:01:34]} 8. Nd5 {[%clk 01:32:47]} {[%emt 00:00:15]} Na5
{[%clk 01:28:48]} {[%emt 00:02:37]} 9. a3 {[%clk 01:32:06]} {[%emt 00:01:13]}
Nxc4 {[%clk 01:28:41]} {[%emt 00:00:36]} 10. Nxf6+ {[%clk 01:32:07]} {[%emt
00:00:28]} Qxf6 {[%clk 01:29:01]} {[%emt 00:00:10]} 11. dxc4 {[%clk 01:32:34]}
{[%emt 00:00:03]} a6 {[%clk 01:28:21]} {[%emt 00:01:10]} 12. Re1 {[%clk
01:32:34]} {[%emt 00:00:30]} Be6 {[%clk 01:27:11]} {[%emt 00:01:39]} 13. b3
{[%clk 01:32:44]} {[%emt 00:00:21]} Rad8 {[%clk 01:25:34]} {[%emt 00:02:06]}
14. Be3 {[%clk 01:33:02]} {[%emt 00:00:12]} Bxe3 {[%clk 01:25:35]} {[%emt
00:00:29]} 15. Rxe3 {[%clk 01:33:18]} {[%emt 00:00:14]} Qe7 {[%clk 01:21:49]}
{[%emt 00:04:16]} 16. Rd3 {[%emt 00:01:02]} f5 {[%clk 01:18:18]} {[%emt
00:03:24]} 17. Qe1 {[%clk 01:32:16]} {[%emt 00:01:38]} Kh8 {[%emt 00:01:04]}
18. Nd2 {[%clk 01:30:17]} {[%emt 00:02:23]} fxe4 {[%clk 01:16:22]} {[%emt
00:01:58]} 19. Nxe4 {[%clk 01:28:48]} {[%emt 00:00:11]} Bf5 {[%clk 01:13:00]}
{[%emt 00:05:40]} 20. f3 {[%clk 01:28:56]} {[%emt 00:00:22]} c6 {[%clk
01:10:12]} {[%emt 00:03:18]} 21. Qb4 {[%emt 00:01:27]} Bxe4 {[%clk 01:08:29]}
{[%emt 00:02:09]} 22. fxe4 {[%clk 01:28:22]} {[%emt 00:00:11]} c5 {[%clk
01:06:15]} {[%emt 00:02:44]} 23. Qd2 {[%clk 01:28:14]} {[%emt 00:00:29]} Rf6
{[%clk 00:59:51]} 24. Rd1 {[%clk 01:28:14]} Qf7 {[%clk 00:59:51]} 25. Qe3
{[%clk 01:28:14]} Rd7 {[%clk 00:59:51]} 26. Qe2 {[%clk 01:28:14]} Rf2 {[%clk
00:59:51]} 27. Qe1 {[%clk 01:28:14]} Rf6 {[%clk 00:59:51]} 1/2-1/2

[Event "DVM U14 2021"]
[Site "Willingen GER"]
[Date "2022.08.16"]
[Round "7"]
[White "Fuhrmann, Bahne"]
[Black "Malinowsky, Levi"]
[Result "1/2-1/2"]
[Termination "normal"]
[Board "1.1"]
[WhiteElo "2079"]
[BlackElo "1836"]
[WhiteClock "00:21:54"]
[BlackClock "00:03:02"]
[WhiteTeam "Hamburger SK 1830"]
[BlackTeam "SK Doppelbauer Kiel"]
[PlyCount "71"]
[WhiteFideId "16244842"]
[BlackFideId "16253094"]
[EventCountry "GER"]
[EventRounds "7"]
[EventType "team-swiss"]
[EventDate "2022.08.12"]

1. d4 {[%clk 01:30:53]} {[%emt 00:00:01]} Nf6 {[%clk 01:31:21]} 2. c4 {[%clk
01:31:06]} e5 {[%clk 01:31:26]} 3. dxe5 {[%clk 01:31:17]} Ng4 {[%clk 01:29:39]}
4. Nf3 {[%clk 01:30:36]} Nc6 {[%clk 01:21:12]} 5. Bg5 {[%clk 01:27:06]} Be7
{[%clk 01:19:22]} 6. Bxe7 {[%clk 01:27:23]} Qxe7 {[%clk 01:14:13]} 7. Nc3
{[%clk 01:23:05]} Ncxe5 {[%clk 01:07:13]} 8. Nd5 {[%clk 01:17:06]} Qd6 {[%clk
01:05:31]} 9. e3 {[%clk 01:13:43]} c6 {[%clk 01:04:29]} 10. Nc3 {[%clk
01:11:37]} Qxd1+ {[%clk 01:04:41]} 11. Rxd1 {[%clk 01:11:26]} Nxf3+ {[%clk
01:05:04]} 12. gxf3 {[%clk 01:11:01]} Nf6 {[%clk 00:52:45]} 13. Rg1 {[%clk
01:08:10]} g6 {[%clk 00:47:00]} 14. e4 {[%clk 01:01:24]} Nh5 {[%clk 00:38:54]}
15. Rd4 {[%clk 00:57:44]} f6 {[%clk 00:34:08]} 16. c5 {[%clk 00:53:27]} Nf4
{[%clk 00:34:07]} 17. Bc4 {[%clk 00:47:42]} Ne6 {[%clk 00:32:36]} 18. Bxe6
{[%clk 00:46:01]} dxe6 {[%clk 00:26:31]} 19. Ke2 {[%clk 00:44:07]} Ke7 {[%clk
00:24:24]} 20. f4 {[%clk 00:39:52]} e5 {[%clk 00:23:42]} 21. fxe5 {[%clk
00:40:10]} fxe5 {[%clk 00:22:34]} 22. Rd6 {[%clk 00:38:15]} Be6 {[%clk
00:16:27]} 23. Ke3 {[%clk 00:36:19]} Rad8 {[%clk 00:15:08]} 24. Rxd8 {[%clk
00:36:28]} Rxd8 {[%clk 00:14:55]} 25. b3 {[%clk 00:35:34]} Rf8 {[%clk
00:14:52]} 26. Ne2 {[%clk 00:33:14]} a5 {[%clk 00:14:09]} 27. f4 {[%clk
00:33:13]} exf4+ {[%clk 00:14:33]} 28. Nxf4 {[%clk 00:32:22]} Ra8 {[%clk
00:10:13]} 29. Rg5 {[%clk 00:29:29]} Kf6 {[%clk 00:08:29]} 30. Nxe6 {[%clk
00:29:52]} Kxe6 {[%clk 00:08:53]} 31. a3 {[%clk 00:28:14]} Rd8 {[%clk
00:08:25]} 32. Rg1 {[%clk 00:26:40]} Ke5 {[%clk 00:08:49]} 33. h4 {[%clk
00:25:33]} Rg8 {[%clk 00:08:19]} 34. Rf1 {[%clk 00:22:16]} Ke6 {[%clk
00:06:54]} 35. Rf4 {[%clk 00:21:54]} h6 {[%clk 00:03:02]} 36. Rg4 1/2-1/2

[Event "DVM U14 2021"]
[Site "Willingen GER"]
[Date "2022.08.16"]
[Round "7"]
[White "Bräutigam, Katerina"]
[Black "Krüger, Arthur"]
[Result "1/2-1/2"]
[Termination "normal"]
[Board "1.2"]
[WhiteElo "1781"]
[BlackElo "1996"]
[WhiteClock "00:00:50"]
[BlackClock "00:01:04"]
[WhiteTeam "SK Doppelbauer Kiel"]
[BlackTeam "Hamburger SK 1830"]
[PlyCount "76"]
[WhiteFideId "16242980"]
[BlackFideId "16244966"]
[EventCountry "GER"]
[EventRounds "7"]
[EventType "team-swiss"]
[EventDate "2022.08.12"]

1. e4 {[%clk 01:30:58]} {[%emt 00:00:01]} e6 {[%clk 01:30:58]} {[%emt
00:00:02]} 2. d4 {[%clk 01:31:23]} {[%emt 00:00:05]} d5 {[%clk 01:31:23]}
{[%emt 00:00:05]} 3. e5 {[%clk 01:31:50]} {[%emt 00:00:04]} c5 {[%clk
01:31:49]} {[%emt 00:00:03]} 4. c3 {[%clk 01:32:16]} {[%emt 00:00:04]} Nc6
{[%clk 01:32:17]} {[%emt 00:00:03]} 5. Nf3 {[%clk 01:32:40]} {[%emt 00:00:05]}
Bd7 {[%clk 01:32:43]} {[%emt 00:00:03]} 6. a3 {[%clk 01:32:40]} {[%emt
00:00:31]} Nge7 {[%clk 01:30:31]} {[%emt 00:02:42]} 7. Bd3 {[%clk 01:32:45]}
{[%emt 00:00:25]} Qb6 {[%clk 01:26:30]} {[%emt 00:04:31]} 8. Bc2 {[%clk
01:33:00]} {[%emt 00:00:15]} cxd4 {[%clk 01:25:50]} {[%emt 00:01:10]} 9. cxd4
{[%clk 01:33:13]} {[%emt 00:00:17]} Nf5 {[%clk 01:22:24]} {[%emt 00:03:56]} 10.
Bxf5 {[%clk 01:33:15]} {[%emt 00:00:27]} exf5 {[%clk 01:22:35]} {[%emt
00:00:20]} 11. O-O {[%clk 01:33:30]} {[%emt 00:00:15]} Be7 {[%clk 01:20:23]}
{[%emt 00:02:42]} 12. Nc3 {[%clk 01:32:42]} {[%emt 00:01:18]} Be6 {[%clk
01:20:06]} {[%emt 00:00:47]} 13. b4 {[%clk 01:31:23]} {[%emt 00:01:50]} h6
{[%clk 01:17:46]} {[%emt 00:02:49]} 14. Be3 {[%clk 01:18:34]} {[%emt 00:13:18]}
g5 {[%clk 01:15:29]} {[%emt 00:02:47]} 15. Na4 {[%clk 01:12:19]} {[%emt
00:06:46]} Qd8 {[%clk 01:10:56]} {[%emt 00:05:03]} 16. Nc5 {[%clk 01:04:16]}
{[%emt 00:08:33]} Bxc5 {[%clk 01:10:07]} {[%emt 00:01:20]} 17. bxc5 {[%clk
01:02:35]} {[%emt 00:02:10]} f4 {[%clk 01:05:44]} {[%emt 00:04:52]} 18. Bc1
{[%clk 00:54:46]} {[%emt 00:08:20]} Rg8 {[%clk 00:33:44]} {[%emt 00:32:30]} 19.
Ne1 {[%clk 00:42:45]} {[%emt 00:12:31]} Bf5 {[%clk 00:26:20]} {[%emt 00:07:54]}
20. Qd2 {[%clk 00:22:30]} {[%emt 00:20:45]} h5 {[%clk 00:21:25]} {[%emt
00:05:25]} 21. f3 {[%clk 00:16:33]} {[%emt 00:06:27]} Qd7 {[%clk 00:17:22]}
{[%emt 00:04:33]} 22. Ra2 {[%clk 00:13:30]} {[%emt 00:03:33]} Kf8 {[%clk
00:13:56]} {[%emt 00:03:56]} 23. Nc2 {[%clk 00:09:56]} {[%emt 00:04:04]} Rg6
{[%clk 00:12:14]} {[%emt 00:02:12]} 24. Nb4 {[%clk 00:08:54]} {[%emt 00:01:32]}
Na5 {[%clk 00:10:58]} {[%emt 00:01:46]} 25. Qc3 {[%clk 00:04:38]} {[%emt
00:04:45]} Nc4 {[%clk 00:10:41]} {[%emt 00:00:47]} 26. Rff2 {[%clk 00:03:18]}
{[%emt 00:01:51]} Kg7 {[%clk 00:10:15]} {[%emt 00:00:56]} 27. Nd3 {[%clk
00:01:44]} {[%emt 00:02:04]} Rh8 {[%clk 00:08:42]} {[%emt 00:02:03]} 28. h4
{[%clk 00:01:00]} {[%emt 00:01:14]} Bxd3 {[%clk 00:06:17]} {[%emt 00:02:56]}
29. Qxd3 {[%clk 00:01:20]} {[%emt 00:00:10]} gxh4 {[%clk 00:06:05]} {[%emt
00:00:41]} 30. Bxf4 {[%clk 00:01:38]} {[%emt 00:00:12]} Rg8 {[%clk 00:05:49]}
{[%emt 00:00:46]} 31. Kh2 {[%clk 00:01:16]} {[%emt 00:00:52]} Kh8 {[%clk
00:05:29]} {[%emt 00:00:50]} 32. Rae2 {[%clk 00:00:48]} {[%emt 00:00:58]} Qe6
{[%clk 00:04:59]} {[%emt 00:01:01]} 33. Rc2 {[%clk 00:00:46]} {[%emt 00:00:32]}
b6 {[%clk 00:02:36]} {[%emt 00:02:52]} 34. cxb6 {[%clk 00:01:15]} {[%emt
00:00:03]} axb6 {[%clk 00:03:04]} 35. Ra2 {[%clk 00:01:03]} {[%emt 00:00:42]}
b5 {[%clk 00:02:38]} {[%emt 00:00:58]} 36. Rfe2 {[%clk 00:00:44]} {[%emt
00:00:48]} Ra8 {[%clk 00:02:24]} {[%emt 00:00:44]} 37. Rf2 {[%clk 00:00:52]}
{[%emt 00:00:21]} Rc8 {[%clk 00:01:12]} {[%emt 00:01:43]} 38. Rfe2 {[%clk
00:00:50]} {[%emt 00:00:32]} Ra8 {[%clk 00:01:04]} {[%emt 00:00:38]} 1/2-1/2